000 00507cam a2200193ua 4500
001 2938
008 110919n ii |||gr||||Z||||||asm
040 _cMAIN
082 _a920
100 1 _aGoorke, Maxim,
_eAuthor.
245 1 1 _aPrithivir Pohahalit (Part-III)
_cby Maxim Goorke
250 _a1st.
260 _aGuahati:
_bPublication board assam,983.
300 _a181p:
_c23cm.
653 _aBiography
653 _aBiography of Prithivir Pohahalit
700 1 _aMoral, Sada,
_eTraslator.
942 _cBK
999 _c2786
_d2786